The Code of Civil Procedure with Commentary / (Record no. 540953)

000 -LEADER
fixed length control field 00366nam a22001217a 4500
082 ## - DEWEY DECIMAL CLASSIFICATION NUMBER
Classification number 347.549105 NIZ
100 ## - MAIN ENTRY--PERSONAL NAME
Personal name Nizami, Muhammad Mazhar Hassan
245 ## - TITLE STATEMENT
Title The Code of Civil Procedure with Commentary /
Statement of responsibility, etc. Muhammad Mazhar Hassan Nizami
260 ## - PUBLICATION, DISTRIBUTION, ETC.
Place of publication, distribution, etc. Lahore
Name of publisher, distributor, etc. PLD Publishers
300 ## - PHYSICAL DESCRIPTION
Extent 1003p
942 ## - ADDED ENTRY ELEMENTS (KOHA)
Source of classification or shelving scheme
Koha item type Book
Holdings
Withdrawn status Lost status Source of classification or shelving scheme Damaged status Not for loan Permanent Location Current Location Shelving location Date acquired Total Checkouts Total Renewals Full call number Barcode Date last seen Date last checked out Price effective from Koha item type Source of acquisition Checked out
          NUST Law School (NLS) NUST Law School (NLS) Law 11/16/2020 3 5 347.549105 NIZ CL-429 12/02/2025 10/15/2023 11/16/2020 Book    
          NUST Law School (NLS) NUST Law School (NLS) Law 12/07/2021 4   347.549105 NIZ CL-740 09/19/2025 09/19/2025 12/07/2021 Book Federal Law House 10/19/2025
© 2023 Central Library, National University of Sciences and Technology. All Rights Reserved.